000 00506nam a2200181Ia 4500
008 090124s9999 xx 000 0 und d
082 _b38605
100 _aकुलकर्णी शौनक
245 _a आदिम
250 _a0
260 _bसन पब्लिकेशन्स
_c2002
300 _a141
600 _aकुलकर्णी शौनक
630 _a आदिम
700 _aकुलकर्णी शौनक
730 _a आदिम
942 _cBOOK
999 _c104607
_d104607